Films de Jean-Pierre Melville - Statistiques

Statistiques générales
  • Ce quiz a été pris 49 fois
  • Le résultat moyen est 7 sur 13
Statistiques - réponses
Année Film % Correct
1970 Le Cercle rouge
98%
1969 L'Armée des ombres
90%
1967 Le Samouraï
86%
1972 Un flic
76%
1962 Le Doulos
67%
1966 Le Deuxième Souffle
55%
1947 Le Silence de la mer
55%
1961 Léon Morin, prêtre
52%
1955 Bob le flambeur
40%
1963 L'Aîné des Ferchaux
40%
1959 Deux hommes dans Manhattan
36%
1950 Les Enfants terribles
31%
1953 Quand tu liras cette lettre
12%
Aucun quiz correspondant
Distribution des résultats
% des personnes avec chaque résultat
Percentile par nombre de réponses
Votre historique - résultats
Vous n’avez pas pris ce quiz